000 00683nam a22001937a 4500
005 20150828112742.0
008 150828b mx||||| |||| 00| 0 spa d
020 _a9789703249138
050 0 4 _aPA6315 .E8
_bC53 2008
100 1 _aCicerón, Marco Tulio
245 1 4 _aDel óptimo género de los oradores /
_cMarco Tulio Cicerón; introd., tr. y notas de Bulmaro Reyes Coria
250 _a1a ed.
260 _aMéxico, D.F. :
_bUNAM, Coordinacion de Humanidades, Programa Editorial,
_c2008
300 _alxxxvii, ;
_c21 cm.
500 _aTraducción de: De optimo genere oratorum
650 7 _2Lemb
_aRetórica antigua
700 1 _aReyes Coria, Bulmaro,
_eed.
942 _2lcc
_cLIB
999 _c99024
_d99024